| 000 | 00328nam a22001337a 4500 | ||
|---|---|---|---|
| 020 | _a0-273-41499-2 | ||
| 082 | _a621.319 STA'G | ||
| 100 |
_aSTARR, A. T _941894 |
||
| 245 | _aGENERATION TRANSFORMISSION AND UTILIZATION OF ELECTRICAL POWER | ||
| 250 | _a4TH | ||
| 260 |
_aLONDON _bPITMAN _c1973 |
||
| 300 | _a529P | ||
| 942 | _cBK | ||
| 999 |
_c583220 _d583220 |
||